| 000 -LEADER |
| fixed length control field |
02437 a2200217 4500 |
| 020 ## - INTERNATIONAL STANDARD BOOK NUMBER |
| International Standard Book Number |
0844224413 |
| 020 ## - INTERNATIONAL STANDARD BOOK NUMBER |
| International Standard Book Number |
9780844224411 |
| 082 04 - DEWEY DECIMAL CLASSIFICATION NUMBER |
| Classification number |
658.8 |
| 090 ## - LOCALLY ASSIGNED LC-TYPE CALL NUMBER (OCLC); LOCAL CALL NUMBER (RLIN) |
| -- |
1868 |
| -- |
1868 |
| 100 1# - MAIN ENTRY--PERSONAL NAME |
| Personal name |
Terrill, Craig. |
| 245 10 - TITLE STATEMENT |
| Title |
Market leadership strategies for service companies : |
| Remainder of title |
creating growth, profits, and customer loyalty / |
| Statement of responsibility, etc. |
Craig Terrill. |
| 250 ## - EDITION STATEMENT |
| Edition statement |
1st ed. |
| 260 ## - PUBLICATION, DISTRIBUTION, ETC. |
| Place of publication, distribution, etc. |
[S.l.] : |
| Name of publisher, distributor, etc. |
McGraw-Hill, |
| Date of publication, distribution, etc. |
1999. |
| 300 ## - PHYSICAL DESCRIPTION |
| Extent |
288 p. ; |
| Dimensions |
24 cm. |
| 500 ## - GENERAL NOTE |
| General note |
Hardcover. |
| 520 ## - SUMMARY, ETC. |
| Summary, etc. |
Market Leadership Strategies for Service Companies reveals the key strategies for creating and sustaining a market leadership position for any service business. Service industry experts Craig A. Terrill and Arthur G. Middlebrooks affirm that in order to become a dominant market leader, a service company must find ways to: Define their service business and the benefits customers receive Reveal the intangible aspects of the service experience Move in a different direction from competitors by addressing new, intense, and unmet customer needs Put people back into the equation, not just automate and reengineer to increase operational efficiency Find ways to move away from the parity battles (i.e., fights over the perceived equality of the same type of service from different companies) in their particular industry Offering a detailed, comprehensive plan, the authors employ examples drawn from a wide selection of recognizable service companies, such as Southwest Airlines, Dominos Pizza, Pizza Hut, Taco Bell, Fed Ex, Home Depot, IBM, Marriott Hotels, MiniMaids, and more. The result is a highly effective practitioner's guide that includes best practices and case studies. Praise for Market Leadership Strategies for Service Companies " The number one problem for every service firm today is differentiation. Craig Terrill and Art Middlebrooks challenge us to become market leaders by doing things differently in employee engagement and service innovation. This book is the bible for service industry executives who want to be change agents in their business and who seek practical solutions to achieving growth." -- J. Terrence Franke, principal, sales and marketing Hewitt Associates. |
| 700 1# - ADDED ENTRY--PERSONAL NAME |
| Personal name |
Middlebrooks, Arthur. |
| 856 40 - ELECTRONIC LOCATION AND ACCESS |
| Materials specified |
Amazon.com |
| Uniform Resource Identifier |
<a href="http://www.amazon.com/exec/obidos/ASIN/0844224413/chopaconline-20">http://www.amazon.com/exec/obidos/ASIN/0844224413/chopaconline-20</a> |
| 856 40 - ELECTRONIC LOCATION AND ACCESS |
| Materials specified |
Amazon customer reviews |
| Uniform Resource Identifier |
<a href="http://www.chopac.org/cgi-bin/tools/azrev.pl?q=0844224413">http://www.chopac.org/cgi-bin/tools/azrev.pl?q=0844224413</a> |
| 942 ## - ADDED ENTRY ELEMENTS (KOHA) |
| Institution code [OBSOLETE] |
NBS |
| Koha item type |
Book |
| Call number prefix |
658.8 MID |